MARC

LEADER 00000nam0a2200000 4500
001 350487
005 20231102010315.0
010 |b 1430 экз. 
035 |a (RuTPU)RU\TPU\retro\4605 
090 |a 350487 
100 |a 20190205d1935 m y0rusy50 ca 
101 0 |a rus 
102 |a RU 
105 |a y z 000gy 
200 1 |a Гугеноты  |e [опера]  |f В. И. Епанишникова 
210 |a Ленинград  |d 1935 
215 |a 15 с. 
316 |5 63413507: 153//196  |a На титульном листе штамп-экслибрис: "Обязательный экземпляр Сибирской научно-технической библиотеки" 
600 1 |a Мейербер  |b Дж.  |c французский композитор  |c настоящее имя Якоб Либман Бер  |f 1791-1864  |g Джакомо  |2 stltpush  |3 (RuTPU)RU\TPU\pers\37361  |9 20279 
606 |a Опера  |x Либретто  |2 stltpush  |3 (RuTPU)RU\TPU\subj\47028  |9 66096 
610 1 |a русская литература 
610 1 |a поэзия 
610 1 |a 19 век 
610 1 |a драмы 
610 1 |a опера 
610 1 |a итальянская литература 
675 |a 782  |v 3 
700 1 |a Епанишникова  |b В. И. 
712 0 2 |a Государственный академический театр оперы и балета 
801 1 |a RU  |b 63413507  |c 20130220 
801 2 |a RU  |b 63413507  |c 20190205  |g RCR 
942 |c BK